000 00272nam a22001097a 4500
003 OSt
005 20260219150939.0
008 260219b |||||||| |||| 00| 0 eng d
040 _cChina Intercontinental Press
245 _aChina and Global Climate Governance
942 _2ddc
_cBK
999 _c4166
_d4166